000 00348nam a2200133 i 4500
001 bg
100 1 _aMŁOCHOWSKI, Jacek
245 0 _aBadania nad syntezą strukturą i reaktywności fenantrolin /
_cJacek Młochowski.
260 _aWrocław,
_c1975.
040 _cBPK
041 _apol
942 _cKS
008 s pl f |000 0 pol
999 _c15928
_d15928
856 _uhttp://koha.tu.koszalin.pl/cgi-bin/koha/opac-detail.pl?biblionumber=15928
_yKatalog online BPK